000 00508nam a2200193Ia 4500
005 20230325090023.0
008 131103s9999 xx 000 0 und d
020 _a81-7293-013-5
_cRs.100
040 _aLoreto College
041 _aEnglish
082 _a891.443
_bBIS
100 _aBishi, Pramathanath
245 _aKeri sahaber munshi
_cPramathanath Bishi
260 _aCalcutta
_bMitra & Ghosh Pub.Pvt. Ltd.
_c1405
300 _a337p.
650 _aBengali fiction
850 _aLCLIB
942 _cBK
999 _c21416
_d71895